The Last journals of David Livingstone, in Central Africa. From eighteen hundred and sixty five to his death. Continued by a narrative of his last moments and sufferings, obtained from his faithful servants Chuma and Susi. By Horace Waller, F.R.G.S., Rector of Twywell, Northampton. With portrait, maps, and illustrations
Guardat en:
| Autor principal: | |
|---|---|
| Format: | Llibre |
| Idioma: | anglès |
| Publicat: |
Nueva York
Harper & brother, Franklin square
1875
|
| Edició: | 1a. ed |
| Matèries: | |
| Etiquetes: |
Afegir etiqueta
Sense etiquetes, Sigues el primer a etiquetar aquest registre!
|
MARC
| LEADER | 00000nam a2200000 a 4500 | ||
|---|---|---|---|
| 001 | UCJ5970 | ||
| 003 | CL-VaPUC | ||
| 008 | 070124e18750000US |||||||||||||||||eng|d | ||
| 082 | 0 | 4 | |a 910.4 |b WAL |2 21 |
| 100 | 0 | |a Waller, Horace |e author |9 512014 | |
| 245 | 1 | 4 | |a The Last journals of David Livingstone, in Central Africa. From eighteen hundred and sixty five to his death. Continued by a narrative of his last moments and sufferings, obtained from his faithful servants Chuma and Susi. By Horace Waller, F.R.G.S., Rector of Twywell, Northampton. With portrait, maps, and illustrations |
| 250 | |a 1a. ed | ||
| 300 | |a 541 p | ||
| 942 | |c BK | ||
| 945 | |d 20070124 00:00:00 |a rinostro | ||
| 260 | |a Nueva York |b Harper & brother, Franklin square |c 1875 | ||
| 500 | |a Front., retrato de David Livingstone, grabado; un mapa en p. 17 y otro en bolsillo; ilustraciones conforme a lo señalado en el índice | ||
| 600 | 0 | |a Livingstone, David, |d 1813-1873 |9 508108 | |
| 650 | 0 | |a Viajes |9 257115 | |
| 650 | 0 | |a Geografía |9 259346 | |
| 650 | 7 | |a FLORA |2 CL-VaPUC |9 264745 | |
| 650 | 7 | |a FAUNA |2 CL-VaPUC |9 349523 | |
| 650 | 7 | |a PLAGAS |2 CL-VaPUC |9 264624 | |
| 650 | 0 | |a Esclavos |9 258558 | |
| 650 | 0 | |a Comercio |9 255341 | |
| 650 | 0 | |a Recursos naturales |9 255232 | |
| 650 | 0 | |a Aborígenes |9 329972 | |
| 650 | 0 | |a Árabes |9 316264 | |
| 650 | 0 | |a Cultura |9 269059 | |
| 650 | 0 | |a Ilustraciones |9 369481 | |
| 650 | 0 | |a Iconografía |9 267998 | |
| 650 | 0 | |a Mapas |9 260844 | |
| 651 | 0 | |a África |9 256790 | |
| 583 | |a last modification |c 20070124 00:00:00 |k Rodrigo Vera | ||
| 999 | |c 322078 |d 322076 | ||
| 952 | |0 0 |1 0 |4 0 |6 910_400000000000000_WAL_1875 |7 0 |8 X |9 400990 |a FDOBUD |b FDOBUD |d 2019-11-22 |i 1042130 |o 910.4 WAL 1875 |p 1042130 |r 2019-11-22 |w 2019-11-22 |y BK_X |k BUD | ||